000 01398nam0a22002651i 4500
001 rc\3411283
005 20260405171335.0
021 _aRU
_b[70-22753а]
035 _a(NLR Aleph) 007577989
090 _a5477230
_c5477230
100 _a20130115d1970 |||y0rusy50 ca
101 0 _arus
102 _aRU
105 _ay d |||||
200 1 _aПроницаемость мозговых и периферических капилляров в остром периоде тяжелой черепно-мозговой травмы и некоторые факторы, влияющие на нее
_e(Клинико-эксперим. исследование)
_eАвтореф. дис. на соискание учен. степени канд. мед. наук
_e(14777)
_fНовосиб. гос. мед. ин-т
210 _aНовосибирск
_d1970
215 _a24 с.
606 _aКапилляры
_xВсасывание и проницаемость
_xПри патологических состояниях
_xВ хирургии
_2psbo
606 _aЧерепно-мозговые повреждения
_xКлиника
_2psbo
700 1 _8rus
_7ca
_aРабинович
_bС. С.
_cд-р мед. наук
_gСамуил Семенович
_3RU\NLR\AUTH\7773004
_955932
801 0 _aRU
_bNLR
_gpsbo
801 1 _aRU
_bELAR
_2rusmarc
852 _aNLR
_j71-4/3414
942 _cBOOK